Guía de buenas prácticas para la ejecución de proyectos de asociación público-privada (Registro nro. 7120)
[ vista simple ]
| 000 -LEADER | |
|---|---|
| fixed length control field | 00854 a2200205 4500 |
| 003 - CONTROL NUMBER IDENTIFIER | |
| control field | OSt |
| 005 - DATE AND TIME OF LATEST TRANSACTION | |
| control field | 20210206152551.0 |
| 008 - FIXED-LENGTH DATA ELEMENTS--GENERAL INFORMATION | |
| fixed length control field | 210205s2011 ck a||||r|||| 00| 0 spa d |
| 020 ## - INTERNATIONAL STANDARD BOOK NUMBER | |
| International Standard Book Number | 9789589266700 |
| 040 ## - CATALOGING SOURCE | |
| Original cataloging agency | CO-JMCR |
| Transcribing agency | CO-JMCR |
| 041 0# - LANGUAGE CODE | |
| Language code of text/sound track or separate title | spa |
| 082 04 - DEWEY DECIMAL CLASSIFICATION NUMBER | |
| Classification number | 361.25 / |
| Item number | G896g |
| Edition number | 20 |
| 245 00 - TITLE STATEMENT | |
| Title | Guía de buenas prácticas para la ejecución de proyectos de asociación público-privada |
| 260 ## - PUBLICATION, DISTRIBUTION, ETC. | |
| Place of publication, distribution, etc. | Bogotá : |
| Name of publisher, distributor, etc. | Ministerio de Hacienda y Crédito Público ; |
| -- | DNP, |
| Date of publication, distribution, etc. | 2011 |
| 300 ## - PHYSICAL DESCRIPTION | |
| Extent | 57, 33, 12 páginas : |
| Other physical details | ilustraciones ; |
| Dimensions | 20 cm. |
| 505 0# - FORMATTED CONTENTS NOTE | |
| Formatted contents note | Marco conceptual -- Fases de un proyecto app -- Criterios y recomendaciones para el proceso de gestión contractual de un proyecto bajo esquema app |
| 650 14 - SUBJECT ADDED ENTRY--TOPICAL TERM | |
| Topical term or geographic name entry element | Cooperación pública-privada |
| Geographic subdivision | Colombia |
| Form subdivision | Guías |
| 9 (RLIN) | 13095 |
| 650 14 - SUBJECT ADDED ENTRY--TOPICAL TERM | |
| Topical term or geographic name entry element | Planificación regional |
| Geographic subdivision | Colombia |
| Form subdivision | Guías |
| 9 (RLIN) | 13096 |
| 942 ## - ADDED ENTRY ELEMENTS (KOHA) | |
| Source of classification or shelving scheme | Dewey Decimal Classification |
| Koha item type | Books |
| Withdrawn status | Lost status | Source of classification or shelving scheme | Damaged status | Not for loan | Home library | Current library | Date acquired | Full call number | Barcode | Date last seen | Copy number | Price effective from | Koha item type | Total Checkouts |
|---|---|---|---|---|---|---|---|---|---|---|---|---|---|---|
| Dewey Decimal Classification | Biblioteca Pública José María del Castillo y Rada | Biblioteca Pública José María del Castillo y Rada | 02/05/2021 | 361.25 / G896g | 201810477 | 05/16/2024 | Ej.1 | 02/05/2021 | Books | |||||
| Dewey Decimal Classification | Biblioteca Pública José María del Castillo y Rada | Biblioteca Pública José María del Castillo y Rada | 02/05/2021 | 361.25 / G896g | 201809305 | 05/16/2024 | Ej.2 | 02/05/2021 | Books |